书目信息 |
| 题名: |
全球超美的100个国家公园
|
|
| 作者: | ;探索之旅编委会 编著 | |
| 分册: | ||
| 出版信息: | 北京 北京出版社 2016.04 |
|
| 页数: | 288页 | |
| 开本: | 24cm | |
| 丛书名: | ||
| 单 册: | ||
| 中图分类: | S759.991 , K919.1 | |
| 科图分类: | ||
| 主题词: | 国家公园--guo jia gong yuan--世界 , 旅游指南--lu^ you zhi nan--世界 | |
| 电子资源: | ||
| ISBN: | 978-7-200-12061-5 | |
| 000 | 01077nam0 2200253 450 | |
| 001 | 92177 | |
| 005 | 20250817190102.05 | |
| 010 | @a978-7-200-12061-5@dCNY49.80 | |
| 100 | @a20160714d2016 em y0chiy50 ea | |
| 101 | 0 | @achi |
| 102 | @aCN@b110000 | |
| 105 | @aa z 000yy | |
| 106 | @ar | |
| 200 | 1 | @a全球超美的100个国家公园@Aquan qiu chao mei de 100 ge guo jia gong yuan@f探索之旅编委会编著 |
| 210 | @a北京@c北京出版社@d2016.04 | |
| 215 | @a288页@c彩图@d24cm | |
| 330 | @a纷纷扰扰凡尘中的我们, 有时会感觉力不从心, 有时会感觉想归于平静, 有时会想去远方寻找属于自己的那个国度。那就来吧, 来到最美的国家公园, 寻找属于自己的世外桃源, 奢侈地享受岁月的宽容, 自然的仁慈, 让自己的生命丰富起来。本书为你介绍了全球最美的100个国家公园, 配以灵动的文字和唯美的图片, 定会让你的心情顿时飞扬起来…… | |
| 606 | 0 | @a国家公园@Aguo jia gong yuan@y世界 |
| 606 | 0 | @a旅游指南@Alu^ you zhi nan@y世界 |
| 690 | @aS759.991@v5 | |
| 690 | @aK919.1@v5 | |
| 711 | 02 | @a探索之旅编委会@Atan suo zhi lu^ bian wei hui@4编著 |
| 801 | 0 | @aCN@c20250909 |
| 905 | @a河南城建学院图书馆@dS759.991@eT158@f1 | |
| 全球超美的100个国家公园/探索之旅编委会编著.-北京:北京出版社,2016.04 |
| 288页:彩图;24cm |
| ISBN 978-7-200-12061-5:CNY49.80 |
| 纷纷扰扰凡尘中的我们, 有时会感觉力不从心, 有时会感觉想归于平静, 有时会想去远方寻找属于自己的那个国度。那就来吧, 来到最美的国家公园, 寻找属于自己的世外桃源, 奢侈地享受岁月的宽容, 自然的仁慈, 让自己的生命丰富起来。本书为你介绍了全球最美的100个国家公园, 配以灵动的文字和唯美的图片, 定会让你的心情顿时飞扬起来…… |
| ● |
| 相关链接 |
|
|
|
正题名:全球超美的100个国家公园
索取号:S759.991/T158
 
预约/预借
| 序号 | 登录号 | 条形码 | 馆藏地/架位号 | 状态 | 备注 |
| 1 | 1626141 | 216261417 | 自科库401/401自科库 1排2列5层/ [索取号:S759.991/T158] | 在馆 |